banner-ar

اخلاقيات الحرب فى السيرة النبوية الشريفة / (Record no. 61261)

MARC details
000 -الفاتح
حقل البيانات ثابتة الطول 01008nam a22002537a 4500
005 - وقت وتاريخ اخر تعامل مع التسجيلة
رقم الضبط 20240530110451.0
008 - عناصر البيانات ثابتة الطول - معلومات عامة
حقل البيانات ثابتة الطول 150514s2011 ua g b 000 0dara d
017 ## - رقم الايداع القانونى
رقم الايداع القانونى 2010/21966
المصدر ( الهيئة المختصة) مصر . دار الكتب المصرية
020 ## - الرقم الدولى المعيارى للكتب
الرقم الدولى المعيارى للكتاب 9789774950650
040 ## - مصدر الفهرسة
وكالة الفهرسة الأصلية EG-CaGPL
082 04 - رقم تصنيف ديوى العشرى
رقم الطبعة 21
رقم التصنيف 239\
رقم المادة إ أ
100 0# - المدخل الرئيسى - إسم شخصى
الإسم الشخصى اسماعيل عبدالفتاح عبدالكافى
245 10 - بيان العنوان
العنوان اخلاقيات الحرب فى السيرة النبوية الشريفة /
بيان المسئوليه,etc تاليف اسماعيل عبدالفتاح عبدالكافى
250 ## - بيان الطبعة
بيان الطبعة ط1
260 ## - PUBLICATION, DISTRIBUTION, ETC. (IMPRINT)
تاريخ النشر أو التوزيع 2011 .
300 ## - الوصف المادى
التعداد 256 ص ؛
أبعاد الوعاء 24 سم
504 ## - تبصرة ببليوجرافية
تبصرة ببليوجرافية,الخ ببليوجرافية : ص 247 - 254
650 04 - المدخل الاضافى بالموضوع-مصطلح موضوعى
مصطلح موضوعي السيرة النبوية
650 04 - المدخل الاضافى بالموضوع-مصطلح موضوعى
مصطلح موضوعي السيرة النبوية
التقسيم الفرعي العام عصر الجهاد فى سبيل نشر الدعوة
650 04 - المدخل الاضافى بالموضوع-مصطلح موضوعى
مصطلح موضوعي اخلاق الرسول
650 04 - المدخل الاضافى بالموضوع-مصطلح موضوعى
مصطلح موضوعي غزوات النبى
942 ## - عناصر المدخل الإضافي( كوها)
مصدر التصنيف او مخطط الترفيف Dewey Decimal Classification
Koha [default] item type كتاب
260 ## - PUBLICATION, DISTRIBUTION, ETC. (IMPRINT)
-- القاهرة :
-- دار العالم العربى ،
Holdings
حالة التراجع حالة الفقد حالة تلف ليس للاعارة المكان المؤقت الموقع الحالى تاريخ الاكتساب اجمالي اﻻعارات رقم الطلب الباركود تاريخ اخر مشاهدة تاريخ تفعيل السعر نوع وعاء كوها
        مكتبة القاهرة الكبرى مكتبة القاهرة الكبرى 05/14/2015   239\ إ أ 160516 05/14/2015 05/14/2015 كتاب

Powered By

EGPV